000 00555nam a22001937a 4500
008 150601b xxu||||| |||| 00| 0 eng d
020 _a0395369460
041 0 _aeng
080 _a338
100 1 _aSmith, Garry D.,
245 1 0 _aBusiness strategy and policy /
_cGarry D. Smith, Danny R. Arnold, Bobby G. Bizzell.
250 _a2nd ed.
260 _aBoston :
_bHoughton Mifflin,
_cc1988.
300 _a1006 f. :
_bme il.;
_c25 cm.
500 _aPreface: f.xiii-xvi
505 _aIndex: f.997-1006
650 0 _aPlanifikimi Strategjik
942 _2udc
_cBK
999 _c954
_d954